00459cam a2200205 4500001000800000005001700008008004100025010001700066020001500083040001800098041000800116043001200124080001600136082001600152100000700168101000800175245003000183350001000213504003000223407813120180212031213.0720915s1973 nju b 000 0 eng  a 72008763  a0139363858 aDLCcDLCdDLC aeng an-us-ca a301.435 HOC00a301.435 HOC1 a50 aSOC14aThe unexpected community. a$7.95 aBibliography: p. 153-188.